000 00836nam a22002651 4500
001 24554
003 BD-RjUL
005 20211209001051.0
008 140313s1947 ctu 001 0 eng
035 _a(BD-RjUL)24621
035 _a(OCoLC)1214483
040 _aDLC
_cOCU
_dFTaSU
_dOCoLC
_dDLC
_dBD-RjUL
_beng
041 _aeng
082 _a940.545
_bPUI 1947
100 1 _aPuleston, W. D.
_q(William Dilworth),
_d1881-
_975567
245 1 4 _aThe influence of sea power in World War II /
_cW D Puleston
260 _aNew Haven :
_bYale University Press,
_cc1947.
300 _ax, 310 p. :
_bill., maps. ;
_c25 cm.
504 _aIncludes bibliographical references and index.
650 0 _aWorld War, 1939-1945
_xNaval operations.
_975568
650 0 _aSea-power.
_975542
942 _2ddc
_cBK
999 _c24554
_d24554